000
00205nam a22000857a 4500
001
1236321
005
20251001160738.0
245
_a
GEVREKÇİİ
_c
HACER KILCIOĞLU
260
_b
GÜNIŞIĞI KİTAPLIĞI YAYINLARI
999
_c
1236321
_d
1236321